000
00314nam a2200133Ia 4500
005
20251222140034.0
008
251222s1900||||xx |||||||||||||| ||spa||
020
_a
84-301-0837-8
082
_a
212.7/L99
100
_a
Stanislas Lyonnet
245
0
_a
El amor, plenitud de la ley
264
_b
SÃgueme
942
_c
LIB
999
_c
3061
_d
3061